Loading...
| History - American | 0 | 4 | 0 | 2 | 40 | 95 | 120.75 | 0 | 1 | 0.00 | 0.00 |
| Mythology | 0 | 3 | 1 | 2 | 25 | 118 | 132.67 | 0 | 0 | 0.00 | 0.00 |
| Science - Physics | 0 | 2 | 1 | 0 | 15 | 60 | 88.50 | 1 | 2 | 0.00 | 0.00 |
| Science - Chemistry | 0 | 3 | 3 | 0 | 15 | 61 | 76.67 | 0 | 1 | 0.00 | 0.00 |
| Philosophy | 0 | 2 | 1 | 0 | 15 | 106 | 118.00 | 0 | 1 | 0.00 | 0.00 |
| History - Other | 0 | 1 | 0 | 0 | 10 | 60 | 60.00 | 0 | 0 | 0.00 | 0.00 |
| Fine Arts - Other | 0 | 1 | 0 | 0 | 10 | 45 | 45.00 | 1 | 1 | 0.00 | 0.00 |
| Other Academic | 0 | 1 | 0 | 0 | 10 | 97 | 97.00 | 0 | 0 | 0.00 | 0.00 |
| Geography | 0 | 1 | 0 | 1 | 10 | 138 | 138.00 | 0 | 0 | 0.00 | 0.00 |
| Fine Arts - Painting and Sculpture | 0 | 1 | 1 | 0 | 5 | 34 | 34.00 | 0 | 1 | 0.00 | 0.00 |
| Social Science | 0 | 1 | 2 | 0 | 0 | 106 | 106.00 | 0 | 1 | 0.00 | 0.00 |
| History - World | 0 | 0 | 0 | 0 | 0 | 0.00 | 0 | 0 | 0.00 | 0.00 | |
| Science - Biology | 0 | 2 | 4 | 0 | 0 | 100 | 102.50 | 1 | 1 | 0.00 | 0.00 |
| Religion | 0 | 0 | 1 | 0 | -5 | 0.00 | 0 | 0 | 0.00 | 0.00 | |
| Fine Arts - Classical Music | 0 | 0 | 1 | 0 | -5 | 0.00 | 0 | 0 | 0.00 | 0.00 |